<?xml version="1.0" encoding="UTF-8"?>
<record
    xmlns:xsi="http://www.w3.org/2001/XMLSchema-instance"
    xsi:schemaLocation="http://www.loc.gov/MARC21/slim http://www.loc.gov/standards/marcxml/schema/MARC21slim.xsd"
    xmlns="http://www.loc.gov/MARC21/slim">

  <leader>02994aam a2200409 i 4500</leader>
  <controlfield tag="003">CO-BoRNBP</controlfield>
  <controlfield tag="005">20241021151453.0</controlfield>
  <controlfield tag="007">ta</controlfield>
  <controlfield tag="008">230427s2015    ck abo grb    000 0 spa d</controlfield>
  <datafield tag="020" ind1=" " ind2=" ">
    <subfield code="a">9789589916971</subfield>
  </datafield>
  <datafield tag="040" ind1=" " ind2=" ">
    <subfield code="a">CO-BoUNC</subfield>
    <subfield code="b">spa</subfield>
    <subfield code="e">rda</subfield>
    <subfield code="c">CO-BoUNC</subfield>
  </datafield>
  <datafield tag="043" ind1=" " ind2=" ">
    <subfield code="a">s-ck---</subfield>
  </datafield>
  <datafield tag="082" ind1="0" ind2="4">
    <subfield code="a">333.72</subfield>
    <subfield code="b">R49</subfield>
    <subfield code="2">23</subfield>
  </datafield>
  <datafield tag="100" ind1="1" ind2=" ">
    <subfield code="a">Rivera Ospina, David</subfield>
    <subfield code="e">autor</subfield>
    <subfield code="9">43376</subfield>
  </datafield>
  <datafield tag="245" ind1="1" ind2="0">
    <subfield code="a">Colombia, naturaleza en riesgo /</subfield>
    <subfield code="c">textos David Rivera Ospina, Luz &#xC1;ngela Silva &#xC1;lvarez ; fotograf&#xED;a Ang&#xE9;lica Montes Arango.</subfield>
  </datafield>
  <datafield tag="250" ind1=" " ind2=" ">
    <subfield code="a">Primera edici&#xF3;n</subfield>
  </datafield>
  <datafield tag="264" ind1=" " ind2="1">
    <subfield code="a">Cali, Colombia :</subfield>
    <subfield code="b">Banco de Occidente,</subfield>
    <subfield code="c">2015.</subfield>
  </datafield>
  <datafield tag="300" ind1=" " ind2=" ">
    <subfield code="a">207 p&#xE1;ginas :</subfield>
    <subfield code="b">ilustraciones, mapas, fotograf&#xED;as ;</subfield>
    <subfield code="c">34 cm.</subfield>
  </datafield>
  <datafield tag="336" ind1=" " ind2=" ">
    <subfield code="a">texto</subfield>
    <subfield code="b">txt</subfield>
    <subfield code="2">rdacontent</subfield>
  </datafield>
  <datafield tag="337" ind1=" " ind2=" ">
    <subfield code="a">sin mediaci&#xF3;n</subfield>
    <subfield code="b">n</subfield>
    <subfield code="2">rdamedia</subfield>
  </datafield>
  <datafield tag="338" ind1=" " ind2=" ">
    <subfield code="a">volumen</subfield>
    <subfield code="b">nc</subfield>
    <subfield code="2">rdacarrier</subfield>
  </datafield>
  <datafield tag="500" ind1=" " ind2=" ">
    <subfield code="a">Incluye glosario</subfield>
  </datafield>
  <datafield tag="504" ind1=" " ind2=" ">
    <subfield code="a">Incluye referencias bibliogr&#xE1;ficas (p&#xE1;ginas 205-207)</subfield>
  </datafield>
  <datafield tag="505" ind1="0" ind2=" ">
    <subfield code="a">Presentaci&#xF3;n -- Introducci&#xF3;n -- La extinci&#xF3;n, una amenaza global -- Extinci&#xF3;n en los ecosistemas terrestres de Colombia -- Extinci&#xF3;n en los ecosistemas de agua dulce de Colombia -- Extinci&#xF3;n en los ecosistemas marinos y costeros de Colombia -- Causas de la extinci&#xF3;n en Colombia</subfield>
  </datafield>
  <datafield tag="520" ind1="3" ind2=" ">
    <subfield code="a">En la conmemoraci&#xF3;n de sus cincuenta a&#xF1;os, el Banco de Occidente publica Colombia, naturaleza en riesgo, obra que tiene como hilo conductor el principal problema que afronta la humanidad en estos momentos: la extinci&#xF3;n masiva de ambientes y de especies de flora y fauna. Despu&#xE9;s de hacer un recuento de las cinco extinciones ocurridas en el planeta, el libro muestra c&#xF3;mo nos estamos aproximando a la sexta, que esta vez es producida por el hombre. Para comprender el da&#xF1;o que estamos causando, debemos conocer lo que tenemos. Es por esto que la obra hace un recorrido por los ecosistemas terrestres y acu&#xE1;ticos de Colombia, muestra sus principales caracter&#xED;sticas y su funcionamiento, para luego indicar cu&#xE1;les son las especies de fauna y flora que est&#xE1;n en peligro y cu&#xE1;les las actividades que, de una u otra manera y a diferentes niveles, est&#xE1;n degradando los ambientes naturales. Finalmente plantea la necesidad de que todos contribuyamos a recuperarlos, asumamos nuestra responsabilidad frente a su situaci&#xF3;n actual y adoptemos acciones que tiendan a aminorar el riesgo, puesto que de no hacerlo, se va a afectar la sostenibilidad de nuestro pa&#xED;s --</subfield>
  </datafield>
  <datafield tag="650" ind1="1" ind2="7">
    <subfield code="a">Conservaci&#xF3;n de la naturaleza</subfield>
    <subfield code="2">LEMB</subfield>
    <subfield code="9">43377</subfield>
  </datafield>
  <datafield tag="650" ind1="1" ind2="7">
    <subfield code="a">Epecies amenazadas</subfield>
    <subfield code="2">LEMB</subfield>
    <subfield code="9">43378</subfield>
  </datafield>
  <datafield tag="650" ind1="1" ind2="7">
    <subfield code="a">Conservaci&#xF3;n de especies</subfield>
    <subfield code="2">LEMB</subfield>
    <subfield code="9">43379</subfield>
  </datafield>
  <datafield tag="650" ind1="1" ind2="7">
    <subfield code="a">Ecosistemas vulnerables</subfield>
    <subfield code="2">LEMB</subfield>
    <subfield code="9">43380</subfield>
  </datafield>
  <datafield tag="650" ind1="1" ind2="7">
    <subfield code="a">Ecosistemas terrestres</subfield>
    <subfield code="z">Colombia</subfield>
    <subfield code="2">ARMARC</subfield>
    <subfield code="9">43381</subfield>
  </datafield>
  <datafield tag="650" ind1="1" ind2="7">
    <subfield code="a">Ecosistemas acu&#xE1;ticos</subfield>
    <subfield code="z">Colombia</subfield>
    <subfield code="2">ARMARC</subfield>
    <subfield code="9">43382</subfield>
  </datafield>
  <datafield tag="650" ind1="1" ind2="7">
    <subfield code="a">Ecosistemas marinos</subfield>
    <subfield code="z">Colombia</subfield>
    <subfield code="2">ARMARC</subfield>
    <subfield code="9">43383</subfield>
  </datafield>
  <datafield tag="650" ind1="1" ind2="7">
    <subfield code="a">Ecosistemas costeros</subfield>
    <subfield code="z">Colombia</subfield>
    <subfield code="2">ARMARC</subfield>
    <subfield code="9">43384</subfield>
  </datafield>
  <datafield tag="700" ind1="1" ind2=" ">
    <subfield code="a">Silva &#xC1;lvarez, Luz &#xC1;ngela</subfield>
    <subfield code="e">autor</subfield>
    <subfield code="9">43385</subfield>
  </datafield>
  <datafield tag="700" ind1="1" ind2=" ">
    <subfield code="a">Montes Arango, Ang&#xE9;lica</subfield>
    <subfield code="e">fot&#xF3;grafo</subfield>
    <subfield code="9">43386</subfield>
  </datafield>
  <datafield tag="942" ind1=" " ind2=" ">
    <subfield code="2">ddc</subfield>
    <subfield code="c">BK</subfield>
  </datafield>
  <datafield tag="999" ind1=" " ind2=" ">
    <subfield code="c">38500</subfield>
    <subfield code="d">38500</subfield>
  </datafield>
  <datafield tag="952" ind1=" " ind2=" ">
    <subfield code="0">0</subfield>
    <subfield code="1">0</subfield>
    <subfield code="2">ddc</subfield>
    <subfield code="4">0</subfield>
    <subfield code="7">0</subfield>
    <subfield code="8">GEN</subfield>
    <subfield code="a">MEGUAMAL</subfield>
    <subfield code="b">MEGUAMAL</subfield>
    <subfield code="c">REF</subfield>
    <subfield code="d">2024-10-21</subfield>
    <subfield code="l">0</subfield>
    <subfield code="o">R 333.72  R49c</subfield>
    <subfield code="p">GUA004352</subfield>
    <subfield code="r">2024-10-21 14:43:17</subfield>
    <subfield code="t">Ej.1</subfield>
    <subfield code="w">2024-10-21</subfield>
    <subfield code="y">REF</subfield>
  </datafield>
</record>
